Complements of discriminants of smooth maps : topology and applications
Αποθηκεύτηκε σε:
| Κύριος συγγραφέας: | |
|---|---|
| Μορφή: | Βιβλίο |
| Γλώσσα: | English |
| Δημοσίευση: |
Providence, Rhode island :
American Mathematical Society,
c1994
|
| Έκδοση: | rev. ed. |
| Σειρά: | Translations of mathematical monographs ;
; 98 |
| Θέματα: | |
| Ετικέτες: |
Προσθήκη ετικέτας
Δεν υπάρχουν, Καταχωρήστε ετικέτα πρώτοι!
|
MARC
| LEADER | 00000nam a2200000 i 4500 | ||
|---|---|---|---|
| 001 | 1/74223 | ||
| 008 | 990604s1994 eng d | ||
| 020 | |a 0-8218-4618-3 | ||
| 035 | |l 10049009 | ||
| 040 | |a GR-MY-UA |b gre |e aacr | ||
| 041 | 0 | |a eng | |
| 082 | 0 | |a 514.24 | |
| 100 | 1 | |a Vassiliev, V.A. | |
| 245 | 1 | 0 | |a Complements of discriminants of smooth maps : |b topology and applications / |c V.A. Vassiliev |
| 250 | |a rev. ed. | ||
| 260 | |a Providence, Rhode island : |b American Mathematical Society, |c c1994 | ||
| 300 | |a vi, 208 p.; |b ill.; |c 27 cm. | ||
| 490 | 1 | |a Translations of mathematical monographs |v ; 98 | |
| 500 | |a Includes bibliographical references | ||
| 650 | 0 | 0 | |a Loop spaces. |
| 650 | 0 | 0 | |a Low-dimensional topology. |
| 830 | 0 | |a Translations of mathematical monographs ; |v ; 98 | |
| 852 | |a INST |b SAMOS |e 19990604 |h 514.24 VAS |p 005300012753 |q 005300012753 |t BK |y 0 | ||
| 901 | |a BIBL3-1999-2 | ||
| 909 | |a Σ |b 063987 | ||
| 922 | |a 3ΕΛΗ |b 199901 |c ΚΠΣ |d GLORY | ||